000 00370pab a2200157 454500
008 180718b2001 xxu||||| |||| 00| 0 eng d
100 _aDandavate, Madhu
245 _aBudget tremors preceded quake
260 _c2001
300 _ap.12,16
362 _a3 Mar
650 _aBudget - India - 2001-2002
650 _aBudget
773 _aYoung Indian
909 _a47752
999 _c47752
_d47752